[Event "ICS rated blitz match"]
[Site "204.178.125.65"]
[Date "2001.07.16"]
[Round "?"]
[White "CoyoteMaster"]
[Black "Hossa"]
[Result "0-1"]
[WhiteElo "2216"]
[BlackElo "2624"]
[PlyCount "84"]
[EventDate "2001.??.??"]

1. e4 c6 2. d4 d5 3. Nc3 dxe4 4. Nxe4 Nd7 5. Bc4 Ngf6 6. Ng5 e6 7. N1f3 h6 8.
Nh3 g5 9. Ne5 Nxe5 10. dxe5 Qa5+ 11. Bd2 Qxe5+ 12. Be2 Qxb2 13. O-O e5 14. Rb1
Qxa2 15. Bc3 Qe6 16. f3 Bc5+ 17. Nf2 Nd5 18. Bd2 O-O 19. Kh1 f5 20. Nd3 Bd4 21.
Qe1 Rd8 22. c4 Ne3 23. Bxe3 Bxe3 24. c5 b5 25. cxb6 axb6 26. Nb4 Bd2 27. Qf2 c5
28. Nd3 Bc3 29. Rfc1 Bd4 30. Qf1 Be3 31. Nxc5 Bxc5 32. Bc4 Rd5 33. Rd1 Bb7 34.
Bxd5 Bxd5 35. Qb5 Ra2 36. Ra1 Rxa1 37. Rxa1 e4 38. fxe4 Qxe4 39. Qf1 Qg4 40.
Rd1 Bxg2+ 41. Qxg2 Qxd1+ 42. Qf1 Qxf1# {CoyoteMaster checkmated} 0-1

[Event "ICS rated blitz match"]
[Site "204.178.125.65"]
[Date "2001.07.16"]
[Round "?"]
[White "Hossa"]
[Black "CoyoteMaster"]
[Result "1-0"]
[WhiteElo "2627"]
[BlackElo "2213"]
[PlyCount "61"]
[EventDate "2001.??.??"]

1. e4 e6 2. d4 d5 3. Nd2 c6 4. Be2 Nd7 5. Nh3 dxe4 6. Nxe4 Ngf6 7. f3 Be7 8.
O-O Qb6 9. c3 e5 10. Nhf2 exd4 11. cxd4 O-O 12. Nc3 c5 13. d5 Rd8 14. Re1 Ne8
15. Bd3 Bf8 16. Re2 Nd6 17. Qc2 h6 18. Ng4 c4+ 19. Be3 Nc5 20. Bh7+ Kh8 21. Na4
Nxa4 22. Bxb6 axb6 23. Ne5 g6 24. Bxg6 fxg6 25. Nxg6+ Kg7 26. Ne7 Bxe7 27.
Rxe7+ Kf6 28. Qh7 Ne8 29. Qf7+ Kg5 30. Re5+ Kh4 31. Rh5# {
CoyoteMaster checkmated} 1-0

[Event "ICS rated blitz match"]
[Site "204.178.125.65"]
[Date "2001.07.16"]
[Round "?"]
[White "CoyoteMaster"]
[Black "Hossa"]
[Result "0-1"]
[WhiteElo "2210"]
[BlackElo "2630"]
[PlyCount "72"]
[EventDate "2001.??.??"]

1. e4 c5 2. Nf3 Nc6 3. d4 cxd4 4. Nxd4 Nf6 5. Nc3 e5 6. Ndb5 d6 7. a4 a6 8. Na3
Be7 9. Be2 Be6 10. Be3 d5 11. exd5 Nxd5 12. Nxd5 Qxd5 13. O-O Qxd1 14. Rfxd1
Rc8 15. c3 Bb3 16. Re1 Bxa4 17. Nc4 Bb3 18. Nb6 Rc7 19. Bf3 O-O 20. Na4 f6 21.
Nc5 Bxc5 22. Bxc5 Ne7 23. Bb6 Rd7 24. Ra3 Be6 25. Bc5 Kf7 26. g3 Rc8 27. b4 Bc4
28. Be4 h6 29. h4 Ke6 30. f4 Nf5 31. fxe5 fxe5 32. Kf2 Rd2+ 33. Kf3 Bd5 34.
Bxd5+ Rxd5 35. Kg4 Rd3 36. h5 Rxg3# {CoyoteMaster checkmated} 0-1

[Event "ICS rated blitz match"]
[Site "204.178.125.65"]
[Date "2001.07.16"]
[Round "?"]
[White "Hossa"]
[Black "Amateur"]
[Result "1-0"]
[WhiteElo "2633"]
[BlackElo "2589"]
[PlyCount "53"]
[EventDate "2001.??.??"]

1. Nf3 c5 2. Nc3 Nf6 3. e4 Nc6 4. Bb5 Nd4 5. Ba4 Qa5 6. e5 Ne4 7. Bb3 Nxc3 8.
dxc3 d6 9. Nxd4 cxd4 10. O-O dxc3 11. exd6 Be6 12. Bxe6 fxe6 13. d7+ Kd8 14.
bxc3 Qb5 15. Bf4 Qxd7 16. Qh5 Kc8 17. Rad1 Qc6 18. Rfe1 e5 19. Qh3+ e6 20. Rxe5
Bd6 21. Qxe6+ Kc7 22. Rxd6 Raf8 23. Rf5 Kb6 24. Qb3+ Kc7 25. Rxc6+ Kd7 26.
Qxb7+ Ke8 27. Rc8# {Amateur checkmated} 1-0

[Event "ICS rated blitz match"]
[Site "204.178.125.65"]
[Date "2001.07.16"]
[Round "?"]
[White "PostModernist"]
[Black "Hossa"]
[Result "1/2-1/2"]
[WhiteElo "2769"]
[BlackElo "2647"]
[PlyCount "73"]
[EventDate "2001.??.??"]

1. e4 c6 2. d4 d5 3. exd5 cxd5 4. c4 Nf6 5. Nc3 e6 6. Nf3 Be7 7. cxd5 Nxd5 8.
Bd3 Nc6 9. O-O O-O 10. Re1 Bf6 11. Be4 Nce7 12. Qd3 Kh8 13. Bg5 Bxg5 14. Nxg5
Nf6 15. Nxh7 Nxh7 16. Bxh7 g6 17. Bxg6 fxg6 18. Rad1 Kg7 19. Ne4 Nd5 20. Qg3
Qc7 21. Qd3 Qf4 22. f3 Rh8 23. g3 Qf5 24. Qe2 Qh5 25. h4 Rf8 26. Ng5 Kg8 27.
Qe5 Rf5 28. Qd6 Rxg5 29. Qd8+ Kh7 30. hxg5 Qxf3 31. Rf1 Qxg3+ 32. Kh1 Qh4+ 33.
Kg1 Qg4+ 34. Kh2 Qh4+ 35. Kg1 Qg4+ 36. Kh2 Qh4+ 37. Kg1 {
Game drawn by repetition} 1/2-1/2

[Event "ICS rated blitz match"]
[Site "204.178.125.65"]
[Date "2001.07.16"]
[Round "?"]
[White "Hossa"]
[Black "PostModernist"]
[Result "0-1"]
[WhiteElo "2652"]
[BlackElo "2764"]
[PlyCount "99"]
[EventDate "2001.??.??"]

1. Nf3 c5 2. Nc3 Nc6 3. e4 e5 4. Bc4 d6 5. O-O Be7 6. d3 Nf6 7. Bd2 O-O 8. Ng5
Na5 9. Bxf7+ Rxf7 10. Nxf7 Kxf7 11. f4 exf4 12. Bxf4 Kg8 13. Qf3 Nc6 14. Bg5
Be6 15. Rf2 Ng4 16. Bxe7 Qxe7 17. Rff1 Nd4 18. Qg3 Nxc2 19. Rac1 Nd4 20. Rce1
b5 21. a3 Re8 22. Ne2 Nxe2+ 23. Rxe2 h5 24. h3 h4 25. Qf4 Ne5 26. Qd2 c4 27. d4
Nd3 28. Re3 Bd7 29. b3 d5 30. e5 Qxa3 31. Ref3 Qa6 32. Rf7 Qe6 33. R7f3 Qb6 34.
Qe3 a5 35. Kh1 Qg6 36. Qd2 a4 37. bxa4 bxa4 38. Qa5 Qc6 39. Rf7 Ra8 40. Qc3 a3
41. Kg1 a2 42. R7f3 Qg6 43. Ra1 Bf5 44. Qd2 Be4 45. Rxd3 cxd3 46. Rxa2 Rxa2 47.
Qxa2 Qg5 48. Qf2 d2 49. Kh2 d1=Q 50. e6 {Hossa resigns} 0-1

[Event "ICS rated blitz match"]
[Site "204.178.125.65"]
[Date "2001.07.16"]
[Round "?"]
[White "ChesterX"]
[Black "Hossa"]
[Result "1-0"]
[WhiteElo "2751"]
[BlackElo "2641"]
[PlyCount "96"]
[EventDate "2001.??.??"]

1. d4 Nf6 2. c4 c5 3. d5 e6 4. Nf3 d6 5. Nc3 Be7 6. e4 O-O 7. Be2 Bd7 8. O-O
Na6 9. e5 Ng4 10. Bf4 dxe5 11. Nxe5 Nxe5 12. Bxe5 Bf6 13. Bxf6 Qxf6 14. d6 Bc6
15. Bf3 Bxf3 16. Qxf3 Qxf3 17. gxf3 Nb4 18. Rad1 Nc6 19. f4 Rad8 20. Kg2 f6 21.
Ne4 b6 22. Rd2 Nd4 23. b4 f5 24. Nxc5 bxc5 25. bxc5 Nc6 26. Kf3 Kf7 27. Rb1 Kf6
28. Ke3 Rb8 29. Rb5 Rfd8 30. Rd1 Rd7 31. Rxb8 Nxb8 32. Rb1 Nc6 33. h4 h6 34.
Kd3 Kg6 35. Re1 Kh5 36. Rxe6 Kxh4 37. f3 Kh5 38. Kc3 a6 39. Re8 Rd8 40. Rxd8
Nxd8 41. Kd4 Ne6+ 42. Kd5 Nxf4+ 43. Ke5 Nd3+ 44. Kd4 Nb4 45. d7 g5 46. a3 Nc2+
47. Kc3 Nxa3 48. d8=Q g4 {Hossa resigns} 1-0

[Event "ICS rated bullet match"]
[Site "204.178.125.65"]
[Date "2001.07.16"]
[Round "?"]
[White "Hossa"]
[Black "BCR"]
[Result "1-0"]
[WhiteElo "2601"]
[BlackElo "2121"]
[PlyCount "73"]
[EventDate "2001.??.??"]

1. e4 c5 2. c3 Nc6 3. Nf3 d5 4. exd5 Qxd5 5. Qb3 Be6 6. Qxb7 Rb8 7. Qa6 c4 8.
Na3 Qe4+ 9. Be2 Bd5 10. Nxc4 e6 11. d3 Qg4 12. Rg1 Nf6 13. h3 Qf5 14. Nh4 Bxc4
15. Qxc6+ Nd7 16. Nxf5 Bb5 17. Nd6+ Bxd6 18. Qxd6 Rb6 19. Qc7 Ke7 20. c4 Bc6
21. Bg5+ f6 22. Be3 Rxb2 23. Qxc6 Rhb8 24. Bc5+ Nxc5 25. Qxc5+ Kf7 26. Qc7+ Kg8
27. Qxa7 R8b7 28. Qa8+ Rb8 29. Qc6 R2b6 30. Qd7 h6 31. c5 R6b7 32. Qxe6+ Kh8
33. d4 Rd8 34. c6 Rb4 35. c7 Ra8 36. c8=Q+ Rxc8 37. Qxc8+ {BCR resigns} 1-0

[Event "ICS rated bullet match"]
[Site "204.178.125.65"]
[Date "2001.07.16"]
[Round "?"]
[White "Hossa"]
[Black "BCR"]
[Result "1-0"]
[WhiteElo "2609"]
[BlackElo "2113"]
[PlyCount "53"]
[EventDate "2001.??.??"]

1. e4 c5 2. Nf3 Nc6 3. d4 cxd4 4. Nxd4 Nf6 5. Nc3 e5 6. Ndb5 d6 7. Bg5 a6 8.
Na3 b5 9. Bxf6 gxf6 10. Nd5 f5 11. c3 Bg7 12. exf5 Bxf5 13. Nc2 O-O 14. Nce3
Be6 15. Bd3 f5 16. O-O e4 17. Nf4 Bf7 18. Bc2 Be5 19. Nfd5 Qg5 20. f4 exf3 21.
Qxf3 f4 22. Nxf4 Ne7 23. Qh3 h6 24. Ne6 Bxe6 25. Qxe6+ Kh8 26. Ng4 Bg7 27. Qe4
{BCR resigns} 1-0

[Event "ICS Rated blitz match"]
[Site "204.178.125.65"]
[Date "2001.07.16"]
[Round "?"]
[White "Hossa"]
[Black "QueenMaxima"]
[Result "1-0"]
[WhiteElo "2630"]
[BlackElo "2661"]
[PlyCount "155"]
[EventDate "2001.??.??"]

1. e4 e6 2. d4 d5 3. Nd2 Nf6 4. e5 Nfd7 5. Bd3 c5 6. c3 Nc6 7. Ne2 Qb6 8. Nf3
cxd4 9. cxd4 Bb4+ 10. Bd2 Be7 11. Bc3 Nb4 12. Bb1 f6 13. exf6 Nxf6 14. O-O O-O
15. Ng3 Bd7 16. Qe1 Bd6 17. Ne5 Rae8 18. a4 Nc6 19. Bd3 Kh8 20. Rc1 Bc7 21. Qe2
Re7 22. Bb5 Bxe5 23. dxe5 Ng8 24. Bxc6 Bxc6 25. a5 Qb3 26. Qe3 Bb5 27. Rfd1 a6
28. Rd4 Rc7 29. Nh5 Re8 30. Rb4 Qa2 31. Qe1 d4 32. Ra1 Qd5 33. Rxd4 Qb3 34. Qd2
Bc4 35. Ng3 Ne7 36. Ne4 Nf5 37. Rd7 Rxd7 38. Qxd7 Qb5 39. Qf7 Bd5 40. Nd6 Nxd6
41. exd6 e5 42. Qf5 Bc6 43. Rd1 Qb3 44. Rd2 Qc4 45. d7 Rd8 46. Qg5 Qg8 47. Qe7
b5 48. Bxe5 Rxd7 49. Rxd7 Bxd7 50. Qxd7 b4 51. Qb7 h5 52. Qxa6 Kh7 53. Qd3+ g6
54. Qd7+ Kh6 55. a6 h4 56. Qg7+ Qxg7 57. Bxg7+ Kxg7 58. a7 h3 59. a8=Q hxg2 60.
Qb7+ Kf6 61. Qxb4 Ke5 62. Qe7+ Kf5 63. b4 g5 64. b5 g4 65. Kxg2 g3 66. b6 gxh2
67. Qe6+ Kxe6 68. b7 h1=R 69. Kxh1 Kd5 70. f4 Kd4 71. b8=Q Ke3 72. f5 Ke4 73.
f6 Kd4 74. Qc8 Ke5 75. f7 Kf4 76. f8=Q+ Kg5 77. Qh3 Kg6 78. Qhh6# {
QueenMaxima checkmated} 1-0

[Event "ICS Rated blitz match"]
[Site "204.178.125.65"]
[Date "2001.07.16"]
[Round "?"]
[White "Hossa"]
[Black "PostModernist"]
[Result "0-1"]
[WhiteElo "2647"]
[BlackElo "2790"]
[PlyCount "65"]
[EventDate "2001.??.??"]

1. d4 f5 2. h3 Nf6 3. g4 d5 4. gxf5 Bxf5 5. Bg2 Qd6 6. Nf3 Nc6 7. O-O O-O-O 8.
Nc3 a6 9. a3 e5 10. dxe5 Nxe5 11. Nd4 Be4 12. f3 Bg6 13. f4 Nc4 14. b3 Nb6 15.
f5 Bf7 16. Bf4 Qd7 17. Qd3 Bd6 18. b4 Bxf4 19. Rxf4 g5 20. Rff1 g4 21. h4 Nc4
22. Ne6 Bxe6 23. fxe6 Qxe6 24. Nxd5 Rxd5 25. Bxd5 Nxd5 26. Qxc4 Qe3+ 27. Rf2 g3
28. Qg4+ Kb8 29. Qf3 gxf2+ 30. Kf1 Qd4 31. c3 Qg7 32. Kxf2 Rf8 33. Rd1 {
Hossa resigns} 0-1

[Event "ICS rated blitz match"]
[Site "204.178.125.65"]
[Date "2001.07.16"]
[Round "?"]
[White "MaxDev"]
[Black "Hossa"]
[Result "0-1"]
[WhiteElo "2455"]
[BlackElo "2637"]
[PlyCount "102"]
[EventDate "2001.??.??"]

1. Nf3 c5 2. b3 Nc6 3. e3 e5 4. Bb5 e4 5. Ng1 d5 6. Bb2 Bd7 7. Ne2 a6 8. Bxc6
Bxc6 9. O-O Nh6 10. d3 exd3 11. Qxd3 b6 12. a4 Qh4 13. Nd2 Qg4 14. h3 Qd7 15.
Nf3 Bb7 16. Rfd1 f6 17. c4 Rd8 18. Nc3 dxc4 19. Qxc4 Bd6 20. Ne4 Qe7 21. Nxd6+
Rxd6 22. Rxd6 Qxd6 23. Qe2 Qd5 24. Qc2 O-O 25. Rd1 Qh5 26. Ne1 Bd5 27. f3 Qf7
28. Rd3 c4 29. bxc4 Bxc4 30. Rd6 Qc7 31. Qd2 Nf7 32. Rd7 Qc6 33. Ra7 Qxa4 34.
Bd4 Qc6 35. Qb4 b5 36. Qe7 Ra8 37. Bc5 Qc8 38. Nc2 Rxa7 39. Qxa7 Ne5 40. Nb4 a5
41. Nc2 Nc6 42. Qb6 a4 43. Nb4 Nxb4 44. Bxb4 h6 45. Qd6 Bb3 46. Kh2 Kf7 47. e4
Bc4 48. f4 Qe8 49. e5 h5 50. exf6 gxf6 51. Ba3 Kg6 {MaxDev resigns} 0-1

[Event "ICS Rated blitz match"]
[Site "204.178.125.65"]
[Date "2001.07.16"]
[Round "?"]
[White "Hossa"]
[Black "MaxDev"]
[Result "1-0"]
[WhiteElo "2645"]
[BlackElo "2447"]
[PlyCount "97"]
[EventDate "2001.??.??"]

1. e4 c5 2. Nf3 Nc6 3. d4 cxd4 4. Nxd4 e5 5. Nb5 a6 6. Nd6+ Bxd6 7. Qxd6 Qf6 8.
Qd1 Qg6 9. Nc3 d5 10. Nxd5 Qxe4+ 11. Be3 Nd4 12. Nc7+ Ke7 13. Nxa8 Nxc2+ 14.
Kd2 Nxe3 15. fxe3 Nf6 16. Qb3 Rd8+ 17. Ke1 Ng4 18. Qc3 Nxe3 19. Kf2 Nd1+ 20.
Rxd1 Rxd1 21. Qa3+ Kf6 22. Qf3+ Qxf3+ 23. Kxf3 Be6 24. b3 Ra1 25. Nc7 Bd7 26.
Nd5+ Kg5 27. h4+ Kh6 28. Ke4 f6 29. Nc3 Bc6+ 30. Ke3 f5 31. Kd3 g6 32. a4 Kg7
33. Kc2 Kf6 34. Kb2 Re1 35. b4 b6 36. b5 axb5 37. axb5 Bb7 38. Na4 Be4 39. Nxb6
h6 40. Nd7+ Ke7 41. Nxe5 g5 42. hxg5 hxg5 43. Nf3 Kd6 44. Rh6+ Kc5 45. Nxe1 g4
46. Kc3 Bb7 47. Bc4 Be4 48. Nd3+ Bxd3 49. Rc6# {MaxDev checkmated} 1-0

[Event "ICS rated blitz match"]
[Site "204.178.125.65"]
[Date "2001.07.16"]
[Round "?"]
[White "PostModernist"]
[Black "Hossa"]
[Result "1-0"]
[WhiteElo "2804"]
[BlackElo "2653"]
[PlyCount "94"]
[EventDate "2001.??.??"]

1. e4 c5 2. Nf3 Nc6 3. d4 cxd4 4. Nxd4 e6 5. Nc3 a6 6. Be3 Bb4 7. Bd3 Nf6 8.
O-O Bxc3 9. bxc3 d6 10. Nxc6 bxc6 11. Qf3 e5 12. Rfb1 O-O 13. Bg5 a5 14. a4 Re8
15. Qg3 Kh8 16. f3 Be6 17. Rb7 Re7 18. Bxf6 gxf6 19. Rbb1 Qg8 20. Qf2 Qg5 21.
Rb6 Rc7 22. Ba6 Rg8 23. Bb7 Bh3 24. g3 Rb8 25. Ba6 Rd8 26. Bd3 f5 27. exf5 Bxf5
28. Ra6 Qg6 29. Rd1 Qh5 30. Rxa5 Bh3 31. Re1 f6 32. Ra7 Rcd7 33. Ra6 Rc7 34. g4
Rg8 35. Ra8 Rcg7 36. Rxg8+ Rxg8 37. Kh1 Qh6 38. Qg3 d5 39. Bf5 e4 40. fxe4 dxe4
41. Be6 Ra8 42. g5 fxg5 43. Bxh3 Rxa4 44. Qb8+ Kg7 45. Rf1 Qf6 46. Qb7+ Kg6 47.
Rxf6+ Kxf6 {Hossa resigns} 1-0

[Event "ICS Rated standard match"]
[Site "204.178.125.65"]
[Date "2001.07.16"]
[Round "?"]
[White "kajjohan"]
[Black "Hossa"]
[Result "0-1"]
[WhiteElo "2066"]
[BlackElo "2294"]
[PlyCount "64"]
[EventDate "2001.??.??"]

1. f4 d5 2. Nf3 g6 3. e3 Bg7 4. d4 Nf6 5. c3 O-O 6. Nbd2 Ng4 7. Nb3 a5 8. h3
Nf6 9. Be2 Ne4 10. O-O a4 11. Nbd2 Ng3 12. Rf2 Bf5 13. Kh2 Nxe2 14. Qxe2 a3 15.
b3 c5 16. Ne5 Qa5 17. g4 Qxc3 18. gxf5 Qxa1 19. fxg6 hxg6 20. Ndf3 Qxc1 21. Rg2
cxd4 22. Qf2 dxe3 23. Qh4 Qd1 24. Qxe7 Nc6 25. Qxb7 Nxe5 26. Nxe5 Bxe5 27. fxe5
e2 28. e6 e1=Q 29. exf7+ Kg7 30. Qc7 Qh1+ 31. Kg3 Qde1+ 32. Kf3 Qe4+ {
kajjohan resigns} 0-1

[Event "ICS rated blitz match"]
[Site "204.178.125.65"]
[Date "2001.07.16"]
[Round "?"]
[White "ChesterX"]
[Black "Hossa"]
[Result "1/2-1/2"]
[WhiteElo "2755"]
[BlackElo "2644"]
[PlyCount "78"]
[EventDate "2001.??.??"]

1. Nf3 c5 2. c4 Nf6 3. Nc3 e6 4. g3 b6 5. Bg2 Bb7 6. O-O Be7 7. Re1 d6 8. e4
Nc6 9. d4 cxd4 10. Nxd4 Nxd4 11. Qxd4 O-O 12. b3 Nd7 13. Bb2 Re8 14. Nb5 Bf6
15. Qd2 Bxb2 16. Qxb2 Nf8 17. Rad1 Re7 18. e5 Bxg2 19. exd6 Rd7 20. Kxg2 Rc8
21. Rd2 Ng6 22. Kg1 Qg5 23. Qd4 Rcd8 24. Red1 Qh5 25. Kg2 a6 26. Nc7 Rxd6 27.
Qxd6 Rxd6 28. Rxd6 a5 29. Na8 h6 30. Nxb6 Qg4 31. Kg1 Ne5 32. f4 Qe2 33. fxe5
Qe3+ 34. Kg2 Qe2+ 35. Kh3 Qh5+ 36. Kg2 Qe2+ 37. Kh3 Qh5+ 38. Kg2 Qe2+ 39. Kh3
Qh5+ {Game drawn by repetition} 1/2-1/2

[Event "ICS rated blitz match"]
[Site "204.178.125.65"]
[Date "2001.07.16"]
[Round "?"]
[White "Hossa"]
[Black "ChesterX"]
[Result "1-0"]
[WhiteElo "2649"]
[BlackElo "2750"]
[PlyCount "88"]
[EventDate "2001.??.??"]

1. e4 c5 2. Nf3 d6 3. d4 cxd4 4. Nxd4 Nf6 5. Nc3 g6 6. Be2 Nc6 7. O-O Bg7 8.
Nxc6 bxc6 9. e5 dxe5 10. Qxd8+ Kxd8 11. Rd1+ Kc7 12. Bc4 e6 13. Bd2 Rb8 14. Na4
Nd7 15. Ba5+ Kb7 16. Rxd7+ Bxd7 17. Nc5+ Ka8 18. Nxd7 Rxb2 19. Bb3 e4 20. Rd1
Bd4 21. Be1 c5 22. c3 e3 23. cxd4 e2 24. Ra1 cxd4 25. Ne5 Rb8 26. f3 Rb5 27.
Nd3 R2xb3 28. axb3 Rxb3 29. Nc1 Rb2 30. Ra4 Rc2 31. Nd3 e5 32. Nxe5 f6 33. Nd3
Kb7 34. Rxd4 g5 35. Rd7+ Kb6 36. Rxh7 a5 37. Rf7 Kb5 38. Rxf6 Kc4 39. Ne5+ Kd5
40. Rf5 Ke6 41. Rxg5 a4 42. Nd3 a3 43. Nf4+ Kf7 44. Ra5 a2 {ChesterX resigns}
1-0

[Event "ICS Rated blitz match"]
[Site "204.178.125.65"]
[Date "2001.07.16"]
[Round "?"]
[White "Hossa"]
[Black "PostModernist"]
[Result "0-1"]
[WhiteElo "2670"]
[BlackElo "2813"]
[PlyCount "180"]
[EventDate "2001.??.??"]

1. e4 c6 2. d4 d5 3. Nd2 dxe4 4. Nxe4 Nd7 5. Bc4 Ngf6 6. Nxf6+ Nxf6 7. c3 Qc7
8. Qf3 e6 9. Ne2 Bd6 10. Bg5 Nd5 11. Qh5 h6 12. O-O-O O-O 13. Bd2 Rd8 14. g4
Nf4 15. Nxf4 Bxf4 16. Bd3 Bxd2+ 17. Rxd2 Qf4 18. Qh4 Bd7 19. Re1 f5 20. Qe7
fxg4 21. Qh4 Kh8 22. Re4 Qf7 23. Kb1 e5 24. Rxe5 Re8 25. Qg3 Rad8 26. f4 Bc8
27. Ka1 Rxe5 28. fxe5 Rf8 29. Qe1 Be6 30. b3 Qf3 31. Kb2 Kg8 32. Qh4 Qf7 33.
Rc2 a5 34. Qe1 g5 35. Re2 h5 36. Qd2 Qf4 37. Qc2 Kg7 38. a4 g3 39. hxg3 Qxg3
40. Bh7 Bf7 41. e6 Be8 42. Bf5 h4 43. Re5 h3 44. e7 Rf6 45. Qc1 h2 46. Be4 Qf4
47. Qc2 Qf1 48. Rxg5+ Kf7 49. Bg2 Qf2 50. Be4 Qxc2+ 51. Kxc2 Re6 52. Bf3 Re3
53. Bh1 Re1 54. Bf3 Kxe7 55. Kd2 Rf1 56. Be4 Bf7 57. c4 Kf6 58. Rg3 h1=B 59.
Bd3 Rf2+ 60. Ke3 Rb2 61. Rh3 Bg2 62. Rg3 b6 63. Rg4 Bh3 64. Rh4 Bhe6 65. d5
cxd5 66. cxd5 Bxd5 67. Rh6+ Ke5 68. Rxb6 Be8 69. b4 axb4 70. a5 b3 71. a6 Bec6
72. Rb4 Rg2 73. Be2 Kd6 74. Rb6 Kc5 75. Rb8 Bc4 76. Bxc4 Kxc4 77. Rc8 Kb5 78.
a7 b2 79. Rd8 Kb6 80. Rd1 Kxa7 81. Kd4 Bd5 82. Ke5 Bb3 83. Rh1 Bc2 84. Rh3 b1=Q
85. Ra3+ Kb6 86. Re3 Qb5+ 87. Kd6 Qc6+ 88. Ke7 Rg7+ 89. Kf8 Qf6+ 90. Ke8 Bg6# {
Hossa checkmated} 0-1

[Event "ICS rated blitz match"]
[Site "204.178.125.65"]
[Date "2001.07.16"]
[Round "?"]
[White "QueenMaxima"]
[Black "Hossa"]
[Result "1-0"]
[WhiteElo "2639"]
[BlackElo "2660"]
[PlyCount "127"]
[EventDate "2001.??.??"]

1. e4 c5 2. Bc4 Nc6 3. Nf3 d6 4. O-O g6 5. d4 cxd4 6. Nxd4 e5 7. Nf3 Be6 8. Qd3
Bxc4 9. Qxc4 Bg7 10. Qb3 Qd7 11. Rd1 f5 12. Nc3 Nf6 13. exf5 gxf5 14. Qa3 d5
15. Bg5 d4 16. Nb5 Ne4 17. c3 h6 18. Bh4 Bf8 19. Qb3 a6 20. cxd4 axb5 21. Nxe5
Nxe5 22. dxe5 Qc6 23. a3 Bc5 24. Rd5 Qb6 25. Rf1 b4 26. a4 h5 27. Rd3 Qc6 28.
Rfd1 Bb6 29. Qxb4 Rh7 30. Qb3 Rg7 31. Rd5 Qg6 32. g3 f4 33. e6 fxg3 34. Qb5+
Kf8 35. e7+ Kg8 36. Rd8+ Kh7 37. hxg3 Rg8 38. Rxa8 Rxa8 39. Rd8 Bxf2+ 40. Kg2
Nd6 41. e8=Q Nxe8 42. Qxb7+ Ng7 43. Qxa8 Qc2 44. Rh8+ Kg6 45. Qf3 Bd4+ 46. Kh3
Bxb2 47. g4 Qc3 48. Qxc3 Bxc3 49. Rc8 Be5 50. Rc6+ Kf7 51. a5 Bd4 52. Rc7+ Kf8
53. a6 Ne6 54. Rd7 hxg4+ 55. Kxg4 Bc5 56. a7 Bxa7 57. Rxa7 Nd4 58. Bf6 Nc6 59.
Rc7 Na5 60. Kf5 Nb3 61. Ke6 Kg8 62. Rc8+ Kh7 63. Kf7 Nc5 64. Rh8# {
Hossa checkmated} 1-0

[Event "ICS rated blitz match"]
[Site "204.178.125.65"]
[Date "2001.07.17"]
[Round "?"]
[White "monsoon"]
[Black "Hossa"]
[Result "1-0"]
[WhiteElo "2754"]
[BlackElo "2638"]
[PlyCount "120"]
[EventDate "2001.??.??"]

1. d4 Nf6 2. c4 e6 3. Nf3 c5 4. d5 d6 5. Nc3 exd5 6. cxd5 g6 7. Nd2 a6 8. a4
Bg7 9. Nc4 O-O 10. Bf4 Ne8 11. Qd2 Bf5 12. e4 Bxc3 13. Qxc3 Bxe4 14. Bh6 Nf6
15. Bxf8 Kxf8 16. Ne3 Nbd7 17. Rd1 Qe7 18. Be2 Re8 19. O-O Qd8 20. Bc4 Re5 21.
f3 Bf5 22. g4 Qe7 23. Ng2 Bxg4 24. fxg4 Nxg4 25. h3 Ngf6 26. Qb3 Re4 27. Rd2
Ne5 28. Rdf2 Ne8 29. Bd3 Rb4 30. Qc3 Rd4 31. Bc2 Nc7 32. Ne3 Qh4 33. Rh2 Kg8
34. Kh1 Nxd5 35. Nxd5 Rxd5 36. Qb3 Rd4 37. Qxb7 Qd8 38. Qxa6 Rb4 39. Rd1 Rb6
40. Qe2 Qe7 41. b3 f5 42. Qg2 Kg7 43. Rf1 Kh8 44. Qa8+ Kg7 45. Rg2 Kf7 46. Bxf5
Kg7 47. Be6 Rb4 48. Qg8+ Kh6 49. a5 Rb7 50. a6 Ra7 51. Bc8 Ra8 52. Rf4 Rb8 53.
Rff2 Nc6 54. Re2 Ne5 55. Rh2 Qc7 56. Qf8+ Qg7 57. Qxg7+ Kxg7 58. Bb7 h5 59. a7
Rxb7 60. a8=Q Rxb3 {Hossa resigns} 1-0

[Event "ICS Rated standard match"]
[Site "204.178.125.65"]
[Date "2001.07.17"]
[Round "?"]
[White "Hossa"]
[Black "hyeemyes"]
[Result "1-0"]
[WhiteElo "2301"]
[BlackElo "2007"]
[PlyCount "54"]
[EventDate "2001.??.??"]

1. e4 c5 2. Nf3 e6 3. d3 Nc6 4. Be2 d5 5. O-O Nf6 6. exd5 exd5 7. Bg5 Be7 8.
Nc3 O-O 9. d4 Bg4 10. dxc5 d4 11. Nxd4 Qxd4 12. Qxd4 Nxd4 13. Bxg4 Bxc5 14.
Bxf6 gxf6 15. Ne2 f5 16. Nxd4 fxg4 17. Nf5 h5 18. Ng3 h4 19. Nf5 g3 20. hxg3
hxg3 21. Nxg3 f5 22. Rad1 Rf7 23. Rd5 f4 24. Rxc5 fxg3 25. Rg5+ Rg7 26. Rxg3
Rc8 27. Rxg7+ Kxg7 {hyeemyes resigns} 1-0

[Event "ICS rated blitz match"]
[Site "204.178.125.65"]
[Date "2001.07.18"]
[Round "?"]
[White "Hossa"]
[Black "Tinker"]
[Result "0-1"]
[WhiteElo "2628"]
[BlackElo "2539"]
[PlyCount "47"]
[EventDate "2001.??.??"]

1. e4 c5 2. Bc4 e6 3. Nc3 Nc6 4. Nf3 Nf6 5. Qe2 Nd4 6. Nxd4 cxd4 7. Nb5 e5 8.
a4 a6 9. Na3 Bxa3 10. Rxa3 d5 11. exd5 O-O 12. O-O Qd6 13. Re1 Re8 14. Qd3 Bd7
15. Qb3 e4 16. h3 Rac8 17. Qa2 e3 18. fxe3 Bxh3 19. gxh3 Qg3+ 20. Kf1 Qf3+ 21.
Kg1 Re5 22. h4 Qg4+ 23. Kh1 Qxh4+ 24. Kg2 {Hossa resigns} 0-1

[Event "ICS rated blitz match"]
[Site "204.178.125.65"]
[Date "2001.07.18"]
[Round "?"]
[White "Tinker"]
[Black "Hossa"]
[Result "1/2-1/2"]
[WhiteElo "2559"]
[BlackElo "2608"]
[PlyCount "67"]
[EventDate "2001.??.??"]

1. e4 e5 2. Nf3 Nf6 3. Nxe5 d6 4. Nf3 Nxe4 5. d4 Bg4 6. Bd3 Nf6 7. O-O Be7 8.
Nbd2 O-O 9. c3 d5 10. Qb3 Qc8 11. Ne5 Be6 12. Re1 c5 13. Qd1 cxd4 14. cxd4 Bb4
15. Qf3 Nc6 16. Qf4 Bd6 17. Ndf3 Nb4 18. Bb1 Nc2 19. Bxc2 Qxc2 20. Ng5 Bg4 21.
Qg3 Be2 22. Qc3 Rac8 23. Qe3 Ba6 24. Bd2 Qxb2 25. Ngxf7 Bxe5 26. Nxe5 Ne4 27.
Qh3 Rce8 28. Be3 Rxf2 29. Reb1 Qe2 30. Re1 Qc2 31. Rec1 Qe2 32. Re1 Qc2 33.
Rec1 Qe2 34. Re1 {Game drawn by repetition} 1/2-1/2

[Event "ICS rated blitz match"]
[Site "204.178.125.65"]
[Date "2001.07.18"]
[Round "?"]
[White "Hossa"]
[Black "Tinker"]
[Result "1-0"]
[WhiteElo "2606"]
[BlackElo "2561"]
[PlyCount "169"]
[EventDate "2001.??.??"]

1. e4 c5 2. Bc4 e6 3. Nf3 d6 4. O-O Nf6 5. Nc3 Be7 6. d3 d5 7. Bb5+ Bd7 8. e5
Ng4 9. h3 d4 10. Bxd7+ Nxd7 11. hxg4 dxc3 12. bxc3 Qc7 13. Qe2 O-O 14. Rb1 Nb6
15. c4 Rfb8 16. Qe4 Qd8 17. g5 Kh8 18. Bd2 Qf8 19. Rb5 Qg8 20. Rfb1 Qc8 21. Ba5
Qf8 22. a3 Bd8 23. Bd2 Be7 24. Qh4 Rc8 25. Qh5 Bd8 26. a4 Nxa4 27. Rxb7 Rc7 28.
Rb8 Rxb8 29. Rxb8 Nb6 30. Ba5 Re7 31. Bxb6 axb6 32. Ra8 Re8 33. c3 Bc7 34. Ra7
Re7 35. Qh4 Bd8 36. Ra8 Re8 37. Ra6 Qg8 38. Ra7 Re7 39. Ra8 Re8 40. g3 Be7 41.
Ra7 Qf8 42. Qh5 Rd8 43. Ne1 Kg8 44. Ra6 Ra8 45. Rxb6 Ra1 46. Qe2 Bxg5 47. Rb2
Ra3 48. Rb5 Be7 49. Qb2 Ra8 50. Rb7 Kh8 51. d4 Rd8 52. Qb6 cxd4 53. cxd4 Kg8
54. Qc7 Re8 55. Nd3 Bd8 56. Qc6 Bg5 57. Qf3 Rd8 58. d5 exd5 59. cxd5 Qe8 60. d6
Qe6 61. Nc5 Qg6 62. Qg4 h5 63. Qe4 Qxe4 64. Nxe4 Bh6 65. Kg2 Kf8 66. Kf3 Bc1
67. Nc5 g6 68. Rc7 Bg5 69. Ke4 h4 70. Nb7 Rb8 71. gxh4 Bxh4 72. f4 Bd8 73. Kd5
Ra8 74. Nxd8 Rxd8 75. e6 fxe6+ 76. Kxe6 Re8+ 77. Kf6 Rb8 78. f5 g5 79. d7 Rb6+
80. Kxg5 Ke7 81. Rc8 Kxd7 82. Ra8 Rb2 83. Kg6 Rc2 84. f6 Rg2+ 85. Kf7 {
Tinker resigns} 1-0

[Event "ICS rated blitz match"]
[Site "204.178.125.65"]
[Date "2001.07.18"]
[Round "?"]
[White "ChesterX"]
[Black "Hossa"]
[Result "1-0"]
[WhiteElo "2841"]
[BlackElo "2620"]
[PlyCount "70"]
[EventDate "2001.??.??"]

1. d4 d5 2. c4 c6 3. Nc3 Nf6 4. e3 e6 5. Nf3 Nbd7 6. Bd3 dxc4 7. Bxc4 b5 8. Bd3
a6 9. e4 c5 10. e5 cxd4 11. Nxb5 axb5 12. exf6 Bb7 13. fxg7 Bxg7 14. O-O b4 15.
Bb5 Qf6 16. Ne1 Bf8 17. Bxd7+ Kxd7 18. Be3 e5 19. f4 Bh6 20. Rf2 Qe7 21. Nc2 f6
22. Qd3 Ba6 23. Qf5+ Kc7 24. Bd2 Qd7 25. Qxf6 Bg7 26. Qg5 e4 27. Qc5+ Kd8 28.
f5 e3 29. Nxe3 dxe3 30. Bxe3 Ke8 31. f6 Bxf6 32. Rxf6 Qb5 33. Qc7 Qd7 34. Qe5+
Kd8 35. Rc1 Bc4 {Hossa resigns} 1-0